Najlepsi strzelcy Bundesligi - Statystyki

Ogólne statystyki
  • Ten quiz został rozwiązany 563 razy
    112 od ostatniego zresetowania
  • Średni wynik to 4 z 10
Statystyki odpowiedzi
Gole Zawodnik % Poprawnych
312 Robert Lewandowski
100%
365 Gerd Müller
99%
177 Dieter Müller
95%
197 Claudio Pizarro
30%
220 Jupp Heynckes
9%
268 Klaus Fischer
7%
177 Klaus Allofs
5%
182 Ulf Kirsten
5%
213 Manfred Burgsmüller
3%
179 Stefan Kuntz
3%
Nie znaleziono quizów pasujących do podanych kryteriów
Rozkład punktacji
Procent ludzi z każdym wynikiem
Percentyl według liczby udzielonych odpowiedzi
Twoja historia wyników
Nie rozwiązałeś tego quizu od ostatniego zresetowania